000 00294 a2200145 4500
001 167717
020 _a
040 _cMagnum
100 _aRicoeur, Paul
240 1 0 _aTeoria da interpretacao
_lpor
245 1 0 _aTeoria da interpretacao
362 0 _a1899
697 _aGERAL
942 _cBK
999 _c167717
_d167717